000
00189 a2200097 4500
001
23642
100
_a
Ilersic, A.R
245
_a
Statistics
260
_a
_b
H.F.L
_c
090
_c
16022
_d
16022
942
_a
NUST-CAE
_c
M
_c
6695
999
_c
258715
_d
258715